000 00716nam a2200229 i 4500
003 DO-SdBNP
005 20240909144833.0
007 ta
008 240909s1987 dr 000 j spa d
040 _aDO-SdBNP
_bspa
_cBNPHU
_erda
082 _bC744
_222
100 _aConcepción, Mario
_d1912-1989
_955447
_eautor
245 1 4 _aLos primeros años de Monte Plata /
_cMario Concepción
264 1 _a[Monte Plata, República Dominicana] :
_bAyuntamiento de Monte Plata,
_c1987.
300 _a20 páginas,
_c21 cm.
336 _2rdacontent
_atexto
_btxt
337 _2rdamedia
_asin mediación
_bn
338 _2rdacarrier
_avolumen
_bnc
590 _aInventariado, 2024/ YL
910 _aYLockward
942 _2ddc
_cLF2
999 _c57657
_d57657